Ověřování hypotézy u-křivky ve vybraných odvětvích v ČR
Hypotéza existencie U-krivky. Hypotéza U-krivky predpokladá existenciu vzťahu medzi výnosnosťou a veľkosťou podniku. Predpokladá, že veľmi malé a veľké podniky dosahujú vyššiu výnosnosť než podnik stredný. Overenie hypotézy. Výber kritérií. Členenie podnikov podľa veľkosti. Postup pri analýze dát. A...
Gespeichert in:
| 1. Verfasser: | |
|---|---|
| Format: | Buchkapitel |
| Sprache: | Tschechisch |
| Schlagworte: | |
| Tags: |
Keine Tags, Fügen Sie das erste Tag hinzu!
|
MARC
| LEADER | 00000naa$a2200000$$$4500 | ||
|---|---|---|---|
| 001 | 0021510 | ||
| 005 | 20220713123119.4 | ||
| 041 | 0 | |a cze | |
| 044 | |a SK | ||
| 245 | 1 | 0 | |a Ověřování hypotézy u-křivky ve vybraných odvětvích v ČR |c Jitka Srpová |
| 520 | |a Hypotéza existencie U-krivky. Hypotéza U-krivky predpokladá existenciu vzťahu medzi výnosnosťou a veľkosťou podniku. Predpokladá, že veľmi malé a veľké podniky dosahujú vyššiu výnosnosť než podnik stredný. Overenie hypotézy. Výber kritérií. Členenie podnikov podľa veľkosti. Postup pri analýze dát. Analýza celého súboru. | ||
| 610 | 2 | 0 | |a výnosnosť |
| 610 | 2 | 0 | |a výnosy podnikové |
| 610 | 2 | 0 | |a hypotézy |
| 610 | 2 | 0 | |a podnik veľký |
| 610 | 2 | 0 | |a Česko |
| 610 | 2 | 0 | |a výsledok hospodársky |
| 100 | 1 | |a Srpová, Jitka | |